[Event "II CIUDAD DE ALICANTE"]
[Site "Alicante (SPAIN)"]
[Date "2009.12.27"]
[Round "1.1"]
[White "Suba, Mihai"]
[Black "Nicolas Zapata, Irene"]
[Result "1-0"]
[WhiteElo "2471"]
[BlackElo "1882"]
[PlyCount "119"]
[EventDate "2009.12.27"]

1. Nf3 Nf6 2. c4 c5 3. Nc3 Nc6 4. g3 g6 5. d4 cxd4 6. Nxd4 Bg7 7. Bg2 Nxd4 8.
Qxd4 O-O 9. O-O d6 10. Qd3 Rb8 11. Be3 a6 12. Ba7 Ra8 13. Bd4 Rb8 14. Rfd1 Be6
15. Rac1 Qd7 16. b3 b5 17. cxb5 axb5 18. e4 Rfc8 19. Nd5 Nxd5 20. exd5 Bf5 21.
Qd2 Rxc1 22. Rxc1 Rc8 23. Rxc8+ Qxc8 24. Bxg7 Kxg7 25. a4 bxa4 26. bxa4 Qc4 27.
a5 Bd3 28. h4 h5 29. Qb2+ Kh7 30. Kh2 Qc5 31. Qb6 Qc4 32. Qe3 Qc2 33. Qe1 Qa2
34. Kg1 Be2 35. Bf1 Bxf1 36. Kxf1 Qxd5 37. Qxe7 Kg7 38. Qa7 Qh1+ 39. Ke2 Qe4+
40. Kd2 Qb4+ 41. Kd3 Qb3+ 42. Kd4 Qf3 43. Kc4 Qc6+ 44. Kb4 d5 45. Qc5 Qb7+ 46.
Kc3 Qb1 47. Qxd5 Qa1+ 48. Kd2 Qb2+ 49. Ke1 Qc1+ 50. Ke2 Qb2+ 51. Kf1 Qa1+ 52.
Kg2 Qa4 53. Qc5 Qe4+ 54. Kh2 Qe2 55. Qb6 Qf3 56. a6 Kh7 57. a7 Kg7 58. Qb2+ Kh7
59. Qa2 Qa8 60. Qxf7+ 1-0

[Event "II CIUDAD DE ALICANTE"]
[Site "Alicante (SPAIN)"]
[Date "2009.12.27"]
[Round "1.2"]
[White "Marti Blanes, Jose Manuel"]
[Black "Granero Roca, Antonio"]
[Result "0-1"]
[WhiteElo "1873"]
[BlackElo "2450"]
[PlyCount "54"]
[EventDate "2009.12.27"]

1. e4 c6 2. d4 d5 3. Nc3 dxe4 4. Nxe4 Bf5 5. Ng3 Bg6 6. Nf3 Nd7 7. h4 h6 8. h5
Bh7 9. Bd3 Bxd3 10. Qxd3 e6 11. Bd2 Ngf6 12. O-O-O Qc7 13. Ne4 O-O-O 14. Kb1
Nxe4 15. Qxe4 Nf6 16. Qe2 Bd6 17. Rh4 Qe7 18. Ne5 Bc7 19. Rh3 Rxd4 20. Nxc6
bxc6 21. Qa6+ Kd7 22. Qxa7 Qd6 23. Rd3 Rxd3 24. cxd3 Qxd3+ 25. Kc1 Nd5 26. b3
Rc8 27. Ba5 Qe4 0-1

[Event "II CIUDAD DE ALICANTE"]
[Site "Alicante (SPAIN)"]
[Date "2009.12.27"]
[Round "1.3"]
[White "Campos Gambuti, Luis Maria"]
[Black "Savignoni, Eric"]
[Result "1-0"]
[WhiteElo "2438"]
[BlackElo "1865"]
[PlyCount "46"]
[EventDate "2009.12.27"]

1. e4 c5 2. Nf3 e6 3. c4 a6 4. Nc3 Qc7 5. Be2 Nc6 6. O-O Be7 7. d4 cxd4 8. Nxd4
Nf6 9. Be3 O-O 10. Rc1 d6 11. f4 Bd7 12. Bf3 Rac8 13. Nde2 Nb8 14. a4 Qxc4 15.
e5 Ne8 16. Nd5 exd5 17. Rxc4 dxc4 18. Nc3 b5 19. Nd5 Bd8 20. h4 Bc6 21. h5 Nd7
22. Bg4 Bxd5 23. Qxd5 Rc7 1-0

[Event "II CIUDAD DE ALICANTE"]
[Site "Alicante (SPAIN)"]
[Date "2009.12.27"]
[Round "1.4"]
[White "Diaz Ivars, Jose Manuel"]
[Black "Cano Sanchez, Josue"]
[Result "0-1"]
[WhiteElo "1802"]
[BlackElo "2314"]
[PlyCount "81"]
[EventDate "2009.12.27"]

1. e4 d6 2. d4 Nf6 3. Nc3 Nbd7 4. Nf3 e5 5. dxe5 dxe5 6. Bc4 Bb4 7. Bd2 O-O 8.
O-O c6 9. Re1 Qc7 10. a3 Bc5 11. Be3 b5 12. Bd3 a5 13. Bxc5 Nxc5 14. b4 Ne6 15.
Qe2 Nf4 16. Qd2 Bg4 17. Be2 Rfd8 18. Qe3 Qe7 19. Rad1 axb4 20. axb4 Bxf3 21.
Bxf3 Qxb4 22. Ne2 Ne6 23. Ng3 Qc5 24. Qxc5 Nxc5 25. Rxd8+ Rxd8 26. h3 g6 27.
Ra1 h5 28. h4 Rd2 29. Rc1 Rd4 30. Re1 Kf8 31. Kf1 Ke7 32. Ne2 Rc4 33. Rc1 Nfxe4
34. Bxe4 Nxe4 35. f3 Nd6 36. Kf2 Rxh4 37. g3 Rh2+ 38. Ke3 Nf5+ 39. Kd3 Rf2 40.
f4 exf4 41. Kd2 0-1

[Event "II CIUDAD DE ALICANTE"]
[Site "Alicante (SPAIN)"]
[Date "2009.12.28"]
[Round "2.1"]
[White "Arias Igual, Alejandro"]
[Black "Suba, Mihai"]
[Result "1/2-1/2"]
[WhiteElo "2082"]
[BlackElo "2471"]
[PlyCount "125"]
[EventDate "2009.12.27"]

1. d4 Nf6 2. c4 e6 3. Nf3 c5 4. d5 d6 5. Nc3 exd5 6. cxd5 g6 7. Nd2 Bg7 8. g3
O-O 9. Bg2 a6 10. a4 Nbd7 11. Nc4 Nb6 12. Ne3 Bd7 13. a5 Nc8 14. Nc4 Bb5 15.
Qb3 Bxc4 16. Qxc4 Na7 17. O-O Ne8 18. Bd2 Nc7 19. b4 cxb4 20. Qxb4 Ncb5 21.
Rac1 Re8 22. h4 Nxc3 23. Bxc3 Bxc3 24. Rxc3 Nb5 25. Rc2 Rc8 26. Rfc1 Qd7 27. e3
Rxc2 28. Rxc2 Rc8 29. Rxc8+ Qxc8 30. h5 gxh5 31. Qh4 Qf5 32. Qd8+ Kg7 33. Qe7
Qf6 34. Qxb7 Qa1+ 35. Bf1 Qxa5 36. Qc6 Qa1 37. Kg2 Qe5 38. Bxb5 axb5 39. Qxb5
Qe4+ 40. Kg1 h4 41. gxh4 Qg4+ 42. Kh2 Qxh4+ 43. Kg1 Qg4+ 44. Kh2 Qf3 45. Kg1 h5
46. Qc4 Kg6 47. Qc6 Qf6 48. Kg2 Qg5+ 49. Kf1 Qe5 50. f4 Qxe3 51. Qxd6+ f6 52.
f5+ Kxf5 53. Qd7+ Kf4 54. d6 h4 55. Qe7 Qf3+ 56. Ke1 Qc3+ 57. Kd1 h3 58. d7 h2
59. Qd6+ Qe5 60. Qd2+ Kg3 61. Qd3+ Kf4 62. Qf1+ Kg3 63. Qd3+ 1/2-1/2

[Event "II CIUDAD DE ALICANTE"]
[Site "Alicante (SPAIN)"]
[Date "2009.12.28"]
[Round "2.3"]
[White "Jordan Martinez, Miguel"]
[Black "Campos Gambuti, Luis Maria"]
[Result "1/2-1/2"]
[WhiteElo "2077"]
[BlackElo "2438"]
[PlyCount "55"]
[EventDate "2009.12.27"]

1. e4 c5 2. Nf3 Nf6 3. Nc3 d5 4. exd5 Nxd5 5. d4 e6 6. Nxd5 Qxd5 7. Be3 Nd7 8.
c4 Qc6 9. d5 Qb6 10. dxe6 Qxe6 11. Qc2 Qg6 12. Qd2 Be7 13. Rg1 Qa6 14. Bd3 Nf6
15. Qc2 h6 16. a3 Be6 17. O-O-O O-O-O 18. h3 g5 19. Bf5 Rxd1+ 20. Rxd1 Nd7 21.
Bxe6 Qxe6 22. Re1 Qa6 23. Kb1 Qg6 24. Qxg6 fxg6 25. Bd4 Rh7 26. Bc3 Rf7 27. Re6
Nf8 28. Re2 1/2-1/2

[Event "II CIUDAD DE ALICANTE"]
[Site "Alicante (SPAIN)"]
[Date "2009.12.28"]
[Round "2.4"]
[White "Cano Sanchez, Josue"]
[Black "Tonus, Alex"]
[Result "1-0"]
[WhiteElo "2314"]
[BlackElo "2056"]
[PlyCount "71"]
[EventDate "2009.12.27"]

1. c4 Nf6 2. Nc3 g6 3. d4 Bg7 4. e4 d6 5. Be2 O-O 6. Bg5 c5 7. d5 h6 8. Be3 e6
9. Qd2 exd5 10. exd5 h5 11. Nf3 Re8 12. O-O Nbd7 13. h3 a6 14. Bd3 Ne5 15. Nxe5
Rxe5 16. Bg5 Qf8 17. f4 Re8 18. f5 Bxf5 19. Bxf5 gxf5 20. Rxf5 Ne4 21. Qf4 Bd4+
22. Kh1 Nf2+ 23. Kh2 Re5 24. Bh4 Be3 25. Qg3+ Qg7 26. Rxe5 Qxg3+ 27. Kxg3 dxe5
28. Kf3 Bd4 29. Bxf2 f5 30. g3 e4+ 31. Ke2 Re8 32. Be3 Kf7 33. Rd1 Bxe3 34.
Kxe3 Rg8 35. Kf4 Kf6 36. d6 1-0

[Event "II CIUDAD DE ALICANTE"]
[Site "Alicante (SPAIN)"]
[Date "2009.12.28"]
[Round "2.5"]
[White "Scharrer, Patrick"]
[Black "Marquez Ortiz De Zarate, Albert"]
[Result "1-0"]
[WhiteElo "2300"]
[BlackElo "2008"]
[PlyCount "65"]
[EventDate "2009.12.27"]

1. e4 e6 2. d3 d5 3. Nd2 Nf6 4. g3 dxe4 5. dxe4 Bc5 6. Bg2 b6 7. e5 Qd4 8. Qe2
Ba6 9. c4 Nd5 10. Ngf3 Qg4 11. h3 Qh5 12. Qe4 Nc6 13. a3 O-O-O 14. g4 f5 15.
Qb1 fxg4 16. hxg4 Qf7 17. cxd5 Rxd5 18. Bf1 Bxf1 19. Rxf1 Nxe5 20. Qe4 Nd3+ 21.
Ke2 Rhd8 22. Nc4 e5 23. Qf5+ Qxf5 24. gxf5 Nf4+ 25. Bxf4 exf4 26. Rg1 Re8+ 27.
Kf1 b5 28. Ncd2 Re7 29. Re1 Rxf5 30. Rxe7 Bxe7 31. Rxg7 Bf6 32. Rf7 Kd8 33. Ne4
1-0

[Event "II CIUDAD DE ALICANTE"]
[Site "Alicante (SPAIN)"]
[Date "2009.12.28"]
[Round "2.6"]
[White "Del Valle Cirera, Adria"]
[Black "Navarrete Espi, Samuel"]
[Result "1-0"]
[WhiteElo "2236"]
[BlackElo "1969"]
[PlyCount "51"]
[EventDate "2009.12.27"]

1. e4 e5 2. Nf3 Nc6 3. Bb5 Nf6 4. Qe2 Bc5 5. c3 O-O 6. Bxc6 bxc6 7. Nxe5 Re8 8.
d4 d6 9. Nxf7 Kxf7 10. dxc5 Nxe4 11. O-O Nxc5 12. Qh5+ Kg8 13. Bg5 Qd7 14. Nd2
Ba6 15. Rfe1 Nd3 16. Rxe8+ Rxe8 17. b3 Re5 18. Nf3 Re2 19. Be3 Qe7 20. Ng5 h6
21. Qxe2 hxg5 22. Rd1 Qe4 23. Qh5 Nf4 24. Bxf4 Be2 25. Re1 Bxh5 26. Rxe4 1-0

[Event "II CIUDAD DE ALICANTE"]
[Site "Alicante (SPAIN)"]
[Date "2009.12.28"]
[Round "2.7"]
[White "Diez Machin, Vicente"]
[Black "Lacrosse, Marc"]
[Result "1/2-1/2"]
[WhiteElo "2019"]
[BlackElo "2228"]
[PlyCount "41"]
[EventDate "2009.12.27"]

1. e4 e5 2. Nf3 Nc6 3. Bb5 a6 4. Ba4 Nf6 5. d3 b5 6. Bb3 Bc5 7. c3 d6 8. h3 O-O
9. Nbd2 Be6 10. Nf1 h6 11. Ng3 d5 12. Qe2 Re8 13. Be3 Bxe3 14. Qxe3 d4 15. Qe2
dxc3 16. bxc3 b4 17. Ba4 Qd6 18. O-O bxc3 19. Bxc6 Qxc6 20. Nxe5 Qa4 21. Rfc1
1/2-1/2

[Event "II CIUDAD DE ALICANTE"]
[Site "Alicante (SPAIN)"]
[Date "2009.12.28"]
[Round "2.8"]
[White "Virgillito, Cristian"]
[Black "Laurentiu, Burlacu"]
[Result "1-0"]
[WhiteElo "2223"]
[BlackElo "1968"]
[PlyCount "65"]
[EventDate "2009.12.27"]

1. e4 Nf6 2. Nc3 c6 3. d4 d5 4. e5 Ne4 5. Nxe4 dxe4 6. Ne2 Bf5 7. Ng3 Bg6 8. h4
h6 9. h5 Bh7 10. Be3 e6 11. Bc4 Be7 12. Qg4 Bg5 13. Nxe4 Bxe4 14. Qxe4 Qa5+ 15.
c3 Bxe3 16. fxe3 Nd7 17. a4 Qc7 18. a5 Nf8 19. Qg4 Rg8 20. O-O O-O-O 21. b4 Nh7
22. b5 cxb5 23. Bxb5 a6 24. Bd3 Ng5 25. Rfb1 Rd5 26. Ra4 Kd7 27. Rc4 Qxa5 28.
Rxb7+ Ke8 29. Rcc7 Rf8 30. c4 f5 31. Qd1 Rf7 32. Rxf7 Nxf7 33. cxd5 1-0

[Event "II CIUDAD DE ALICANTE"]
[Site "Alicante (SPAIN)"]
[Date "2009.12.28"]
[Round "2.11"]
[White "Lanza, Luciano"]
[Black "Gomez Lopez, Pedro"]
[Result "1-0"]
[WhiteElo "2178"]
[BlackElo "1907"]
[PlyCount "45"]
[EventDate "2009.12.27"]

1. e4 e6 2. d3 d5 3. Nd2 Nf6 4. Ngf3 c5 5. g3 Be7 6. Bg2 Nc6 7. O-O O-O 8. e5
Nd7 9. Re1 Qc7 10. Qe2 b5 11. Nf1 Bb7 12. Bf4 Rfe8 13. h4 Nf8 14. h5 Qd8 15.
N1h2 Nd7 16. h6 g6 17. Ng4 d4 18. a3 b4 19. a4 Nb6 20. Nd2 Nd5 21. Ne4 Nxe5 22.
Bxe5 f5 23. Nef6+ 1-0

[Event "II CIUDAD DE ALICANTE"]
[Site "Alicante (SPAIN)"]
[Date "2009.12.29"]
[Round "3.1"]
[White "Lanza, Luciano"]
[Black "Cano Sanchez, Josue"]
[Result "0-1"]
[WhiteElo "2178"]
[BlackElo "2314"]
[PlyCount "68"]
[EventDate "2009.12.27"]

1. e4 e6 2. d3 d5 3. Nd2 Nc6 4. Ngf3 Nf6 5. e5 Nd7 6. d4 f6 7. exf6 Qxf6 8. Nb3
Bd6 9. Bg5 Qf7 10. Qd2 O-O 11. O-O-O a5 12. Kb1 a4 13. Nc1 a3 14. b3 e5 15. Be3
Nf6 16. Nxe5 Nxe5 17. dxe5 Ne4 18. Qe1 Bxe5 19. Rd3 Qf6 20. Ne2 Bg3 21. Bd4
Bxf2 22. Bxf6 Bxe1 23. Be7 Re8 24. Rxd5 Nf2 25. Rg1 Bg4 26. Re5 Bb4 27. Bxb4
Rxe5 28. Nf4 b5 29. Bc3 Re4 30. Nd3 Nd1 31. Bd2 Rae8 32. Kc1 Nb2 33. Bc3 c5 34.
Bxb2 Re1+ 0-1

[Event "II CIUDAD DE ALICANTE"]
[Site "Alicante (SPAIN)"]
[Date "2009.12.29"]
[Round "3.2"]
[White "Del Valle Domenech, Rafael"]
[Black "Scharrer, Patrick"]
[Result "1-0"]
[WhiteElo "2129"]
[BlackElo "2300"]
[PlyCount "95"]
[EventDate "2009.12.27"]

1. d4 g6 2. c4 Bg7 3. Nc3 d6 4. e4 e5 5. d5 a5 6. Be2 f5 7. exf5 gxf5 8. Bh5+
Kf8 9. Nf3 Nf6 10. Bg5 Qd7 11. Nd2 Nxh5 12. Qxh5 Qf7 13. Qxf7+ Kxf7 14. f3 h5
15. O-O Na6 16. a3 Bd7 17. Be3 h4 18. Rab1 Rag8 19. Kh1 Nc5 20. b4 axb4 21.
axb4 Nd3 22. Rb3 h3 23. g4 Ke7 24. Ne2 Nf4 25. Nxf4 exf4 26. Bxf4 Bd4 27. g5
Kf7 28. c5 Bb5 29. Rc1 Be5 30. Bxe5 dxe5 31. Re3 Rxg5 32. Rxe5 Rg2 33. Nf1 Rf2
34. Rxf5+ Kg6 35. Ne3 Re8 36. Rf6+ Kg7 37. Rg1+ Rg2 38. Re6 Rxg1+ 39. Kxg1 Ra8
40. Kf2 Kf7 41. Rh6 Ra2+ 42. Kg3 Re2 43. Ng4 Rb2 44. Rh7+ Kg6 45. Rxc7 Kg5 46.
Rg7+ Kf5 47. Nf2 Kf6 48. Rxb7 1-0

[Event "II CIUDAD DE ALICANTE"]
[Site "Alicante (SPAIN)"]
[Date "2009.12.29"]
[Round "3.3"]
[White "Neagos, Raul-Alexandru"]
[Black "Del Valle Cirera, Adria"]
[Result "1-0"]
[WhiteElo "2095"]
[BlackElo "2236"]
[PlyCount "45"]
[EventDate "2009.12.27"]

1. Nf3 d5 2. e3 Nf6 3. c4 e6 4. b3 Be7 5. Bb2 O-O 6. Be2 c5 7. O-O Nc6 8. d4 b6
9. cxd5 exd5 10. Nbd2 Bf5 11. Ne5 Qc7 12. Nxc6 Qxc6 13. Nf3 Ne4 14. Rc1 Bf6 15.
Ne5 Bxe5 16. dxe5 Qg6 17. g4 Bxg4 18. Bxg4 h5 19. f3 Ng5 20. Bd7 Rad8 21. Qxd5
Nxf3+ 22. Kh1 Nh4 23. e6 1-0

[Event "II CIUDAD DE ALICANTE"]
[Site "Alicante (SPAIN)"]
[Date "2009.12.29"]
[Round "3.4"]
[White "Alderete Rodriguez, Rigoberto"]
[Black "Virgillito, Cristian"]
[Result "1-0"]
[WhiteElo "2083"]
[BlackElo "2223"]
[PlyCount "55"]
[EventDate "2009.12.27"]

1. e4 e5 2. Nf3 Nc6 3. Nc3 Nf6 4. d4 exd4 5. Nd5 Nxe4 6. Qe2 f5 7. Bf4 d6 8.
O-O-O Be6 9. Nxd4 Nxd4 10. Rxd4 c6 11. Rxe4 fxe4 12. Qxe4 Qd7 13. Bc4 Kf7 14.
Re1 Re8 15. Bd2 cxd5 16. Bxd5 g6 17. Qf4+ Kg8 18. Qg4 Kf7 19. Qf3+ Kg8 20. Rxe6
Qxe6 21. Bc3 Bg7 22. Bxe6+ Rxe6 23. Qd5 Kf7 24. Bxg7 Rhe8 25. Bc3 R8e7 26. b3
Ke8 27. Bb4 Kf7 28. f4 1-0

[Event "II CIUDAD DE ALICANTE"]
[Site "Alicante (SPAIN)"]
[Date "2009.12.29"]
[Round "3.5"]
[White "Varga, Mariano"]
[Black "Serrano Marhuenda, Salvador"]
[Result "1-0"]
[WhiteElo "2214"]
[BlackElo "2085"]
[PlyCount "80"]
[EventDate "2009.12.27"]

1. c4 Nf6 2. Nc3 g6 3. g3 Bg7 4. Bg2 O-O 5. e3 e5 6. Nge2 d6 7. d4 c6 8. b3 Re8
9. a4 e4 10. Ba3 Bf5 11. h3 h5 12. Qc2 a5 13. g4 hxg4 14. hxg4 Nxg4 15. Bxe4
Rxe4 16. Nxe4 d5 17. cxd5 cxd5 18. N2g3 dxe4 19. Nxf5 gxf5 20. Qc5 Qd7 21. Rh5
Nh6 22. Kd2 Nc6 23. Rg1 Kh7 24. Rgg5 Rc8 25. Qxf5+ Qxf5 26. Rxf5 f6 27. Rb5 Rc7
28. Rh4 Rd7 29. Rxe4 f5 30. Re6 f4 31. Rh5 fxe3+ 32. fxe3 Rf7 33. d5 Nb4 34.
Bxb4 axb4 35. d6 Bf6 36. e4 Kg6 37. Rc5 Ng4 38. e5 Kf5 39. Rxf6+ Nxf6 40. exf6+
Kxf6 1-0

[Event "II CIUDAD DE ALICANTE"]
[Site "Alicante (SPAIN)"]
[Date "2009.12.29"]
[Round "3.6"]
[White "Suba, Mihai"]
[Black "Vicente Torrecillas, Fco Javier"]
[Result "1-0"]
[WhiteElo "2471"]
[BlackElo "2084"]
[PlyCount "131"]
[EventDate "2009.12.27"]

1. Nf3 d5 2. c4 e6 3. b3 Nf6 4. Bb2 Be7 5. g3 O-O 6. Bg2 c6 7. O-O Nbd7 8. Qc2
Ne8 9. d4 Nd6 10. Nbd2 f5 11. Ne1 Ne4 12. Nd3 Ndf6 13. Nf3 Bd7 14. Nfe5 Be8 15.
f3 Nd6 16. a4 Nf7 17. Nf4 Bd7 18. a5 Nxe5 19. dxe5 Ne8 20. Rfd1 Nc7 21. e4 Qc8
22. exd5 cxd5 23. cxd5 Nxd5 24. Qxc8 Rfxc8 25. Nxd5 exd5 26. f4 Be6 27. a6 Rab8
28. Ba3 Bxa3 29. Rxa3 Rc5 30. b4 Rb5 31. Rad3 bxa6 32. Bxd5 Bxd5 33. Rxd5 Rxd5
34. Rxd5 Rxb4 35. Rd8+ Kf7 36. Rd7+ Kf8 37. Rxa7 Ra4 38. h4 Ra2 39. h5 h6 40.
Kf1 a5 41. e6 Ra4 42. Rf7+ Kg8 43. Rxf5 Re4 44. Rxa5 Rxe6 45. Kf2 Rb6 46. g4
Rb3 47. Re5 Kf7 48. Re3 Rb4 49. Kf3 Kf6 50. Ra3 Kf7 51. Ra5 Rc4 52. Ke3 Rb4 53.
Rd5 Ke6 54. Rd8 Ra4 55. Rc8 Rb4 56. Rc6+ Kd5 57. Rc7 Rb3+ 58. Ke2 Ke4 59. f5
Rb2+ 60. Kd1 Kf4 61. Rxg7 Ra2 62. f6 Ra8 63. f7 Rf8 64. g5 hxg5 65. h6 Kf5 66.
h7 1-0

[Event "II CIUDAD DE ALICANTE"]
[Site "Alicante (SPAIN)"]
[Date "2009.12.29"]
[Round "3.7"]
[White "Campos Gambuti, Luis Maria"]
[Black "Diez Machin, Vicente"]
[Result "1-0"]
[WhiteElo "2438"]
[BlackElo "2019"]
[PlyCount "57"]
[EventDate "2009.12.27"]

1. d4 b5 2. Bg5 h6 3. Bh4 Nf6 4. Nd2 Bb7 5. c3 g5 6. Bg3 Nh5 7. Be5 Bg7 8. Bxg7
Nxg7 9. e4 a6 10. h4 e6 11. hxg5 Qxg5 12. Ngf3 Qe7 13. Bd3 Nc6 14. Qe2 d6 15.
b4 Nb8 16. a4 c6 17. Nb3 e5 18. Qe3 Nd7 19. Na5 O-O-O 20. axb5 exd4 21. Qxd4 c5
22. Qe3 Qf6 23. O-O Rhe8 24. Nxb7 Kxb7 25. Rxa6 Qxc3 26. e5 d5 27. bxc5 Nxe5
28. c6+ Nxc6 29. bxc6+ 1-0

[Event "II CIUDAD DE ALICANTE"]
[Site "Alicante (SPAIN)"]
[Date "2009.12.29"]
[Round "3.8"]
[White "Lacrosse, Marc"]
[Black "Jordan Martinez, Miguel"]
[Result "1-0"]
[WhiteElo "2228"]
[BlackElo "2077"]
[PlyCount "135"]
[EventDate "2009.12.27"]

1. d4 Nf6 2. c4 e5 3. dxe5 Ng4 4. Bf4 Nc6 5. Nf3 Bb4+ 6. Nbd2 Qe7 7. e3 Ngxe5
8. Nxe5 Nxe5 9. Be2 O-O 10. O-O d6 11. Nb3 Ng6 12. Bg3 Kh8 13. a3 Bc5 14. Nxc5
dxc5 15. Qc2 Be6 16. Rad1 Rad8 17. Rxd8 Rxd8 18. Rd1 c6 19. Rd3 f6 20. f4 f5
21. Be1 Re8 22. b3 Bc8 23. Bc3 Be6 24. Qd2 Nf8 25. Be5 Nd7 26. Qc3 Kg8 27. Bf3
g6 28. g3 Kf7 29. Kf2 Nxe5 30. Qxe5 Bc8 31. Qxe7+ Kxe7 32. e4 fxe4 33. Bxe4 Rd8
34. Rxd8 Kxd8 35. h4 Ke7 36. h5 Kf6 37. Kf3 gxh5 38. Bxh7 Bg4+ 39. Ke3 Bd1 40.
b4 cxb4 41. axb4 b6 42. c5 bxc5 43. bxc5 a5 44. Be4 a4 45. Bxc6 Bb3 46. Kd3 a3
47. Kc3 Be6 48. Bf3 h4 49. gxh4 Kf5 50. h5 Kxf4 51. h6 Bf5 52. c6 Kg5 53. Bg4
Kxg4 54. c7 a2 55. Kb2 Kg5 56. h7 Bxh7 57. c8=Q Bb1 58. Qc3 Kf5 59. Kc1 Ke4 60.
Kd2 Kd5 61. Ke3 Ke6 62. Qd4 Kf5 63. Kf3 Ke6 64. Kf4 Kf7 65. Qe5 Kg6 66. Kg4 Kh7
67. Kg5 Kg8 68. Qf6 1-0

[Event "II CIUDAD DE ALICANTE"]
[Site "Alicante (SPAIN)"]
[Date "2009.12.29"]
[Round "3.9"]
[White "Grigoriev, Ivan"]
[Black "Cucarella Montell, Angels"]
[Result "1-0"]
[WhiteElo "2191"]
[BlackElo "1925"]
[PlyCount "62"]
[EventDate "2009.12.27"]

1. g3 c5 2. Bg2 Nc6 3. f4 d5 4. Nf3 e6 5. O-O g6 6. d3 Nf6 7. Nbd2 d4 8. Nc4
Bg7 9. e4 dxe3 10. Bxe3 Qe7 11. Nfe5 Nd5 12. Nxc6 bxc6 13. Bf2 Rb8 14. c3 O-O
15. Qa4 Rb5 16. Rab1 Rd8 17. Ne5 Qb7 18. c4 Bxe5 19. cxb5 cxb5 20. Qc2 Bd4 21.
Rbc1 Qa8 22. Bxd4 cxd4 23. Qc5 Bb7 24. Qxd4 b4 25. Rf2 Qb8 26. Qe5 Rd6 27. Rfc2
f6 28. Qd4 Rd8 29. Bxd5 Bxd5 30. Qxf6 Qb6+ 31. d4 Bb7 1-0

[Event "II CIUDAD DE ALICANTE"]
[Site "Alicante (SPAIN)"]
[Date "2009.12.29"]
[Round "3.10"]
[White "Bendayan Claros, Aaron"]
[Black "Moreno Simo, Javier"]
[Result "1-0"]
[WhiteElo "2176"]
[BlackElo "1982"]
[PlyCount "59"]
[EventDate "2009.12.27"]

1. d4 f5 2. Nc3 d5 3. Bg5 Nf6 4. Bxf6 exf6 5. e3 Be6 6. Bd3 Qd7 7. h4 h5 8. Nh3
g6 9. Nf4 Bf7 10. a3 Na6 11. Qe2 Nb8 12. g3 c6 13. b4 Bd6 14. Qd1 Qe7 15. Na4
Nd7 16. Nc5 Nxc5 17. bxc5 Bc7 18. O-O g5 19. Ng2 Be6 20. Qf3 Qd7 21. a4 b6 22.
cxb6 axb6 23. Rfc1 Ra5 24. c4 g4 25. Qe2 O-O 26. cxd5 Bxd5 27. Qc2 Bf3 28. Ne1
Be4 29. Bxe4 fxe4 30. Qxe4 1-0

[Event "II CIUDAD DE ALICANTE"]
[Site "Alicante (SPAIN)"]
[Date "2009.12.29"]
[Round "3.12"]
[White "Perez Gisbert, Santiago"]
[Black "Granero Roca, Antonio"]
[Result "0-1"]
[WhiteElo "1434"]
[BlackElo "2450"]
[PlyCount "40"]
[EventDate "2009.12.27"]

1. e4 c5 2. Nf3 e6 3. d4 cxd4 4. Nxd4 Nc6 5. Nc3 a6 6. Bc4 Qc7 7. Be3 Nf6 8.
Qd2 Ng4 9. a3 Be7 10. O-O-O Nxe3 11. fxe3 O-O 12. g4 b5 13. Ba2 Ne5 14. h3 Bxa3
15. Ndxb5 axb5 16. Nxb5 Bxb2+ 17. Kxb2 Rxa2+ 18. Kxa2 Qc4+ 19. Kb2 Qxb5+ 20.
Kc1 Nc4 0-1

[Event "II CIUDAD DE ALICANTE"]
[Site "Alicante (SPAIN)"]
[Date "2009.12.29"]
[Round "3.15"]
[White "Marquez Ortiz De Zarate, Albert"]
[Black "Calvente, Ortiz Pedro Javier"]
[Result "1-0"]
[WhiteElo "2008"]
[BlackElo "1611"]
[PlyCount "45"]
[EventDate "2009.12.27"]

1. e4 c5 2. Nf3 d6 3. d4 cxd4 4. Nxd4 g6 5. Nc3 Bg7 6. Be3 Nf6 7. f3 O-O 8. Qd2
Nc6 9. O-O-O a6 10. g4 Ne8 11. h4 Qa5 12. h5 Nxd4 13. Bxd4 Be6 14. Bxg7 Nxg7
15. hxg6 fxg6 16. Qh6 Rfc8 17. Nd5 Bxd5 18. exd5 Qxa2 19. Qxh7+ Kf7 20. Bd3
Rxc2+ 21. Bxc2 Rc8 22. Qxg6+ Kg8 23. Rh8+ 1-0

[Event "II CIUDAD DE ALICANTE"]
[Site "Alicante (SPAIN)"]
[Date "2009.12.30"]
[Round "4.1"]
[White "Cano Sanchez, Josue"]
[Black "Del Valle Domenech, Rafael"]
[Result "1-0"]
[WhiteElo "2314"]
[BlackElo "2129"]
[PlyCount "77"]
[EventDate "2009.12.27"]

1. d4 Nf6 2. c4 c5 3. d5 g6 4. Nc3 Bg7 5. e4 d6 6. Nf3 a6 7. h3 e6 8. Bd3 exd5
9. cxd5 b5 10. a3 O-O 11. O-O Nbd7 12. Bf4 Qc7 13. Rc1 Re8 14. Re1 Nh5 15. Be3
Ne5 16. Be2 Nxf3+ 17. Bxf3 Nf6 18. b4 c4 19. Bd4 Nd7 20. Bxg7 Kxg7 21. Qd4+ Ne5
22. Be2 g5 23. a4 Bd7 24. axb5 axb5 25. Ra1 Qb7 26. Kh2 Rxa1 27. Rxa1 Ra8 28.
Rxa8 Qxa8 29. g3 f6 30. f4 gxf4 31. gxf4 Nf7 32. Bg4 Be8 33. Be6 Qa3 34. Bxf7
Bxf7 35. e5 Qb2+ 36. Kg3 Bxd5 37. exf6+ Kh6 38. Kh4 Be6 39. Qg1 1-0

[Event "II CIUDAD DE ALICANTE"]
[Site "Alicante (SPAIN)"]
[Date "2009.12.30"]
[Round "4.2"]
[White "Neagos, Raul-Alexandru"]
[Black "Varga, Mariano"]
[Result "1-0"]
[WhiteElo "2095"]
[BlackElo "2214"]
[PlyCount "69"]
[EventDate "2009.12.27"]

1. Nf3 Nf6 2. c4 g6 3. Nc3 Bg7 4. g3 O-O 5. Bg2 d5 6. cxd5 Nxd5 7. O-O Nc6 8.
Qb3 Nb6 9. d3 h6 10. Bf4 e5 11. Bd2 Nd4 12. Nxd4 exd4 13. Ne4 Be6 14. Qa3 Bd5
15. Rac1 Bxe4 16. dxe4 Re8 17. f4 a5 18. h4 Bf8 19. Qd3 Qd7 20. Kh2 c5 21. b3
a4 22. h5 gxh5 23. Bh3 Qc6 24. Bf5 axb3 25. axb3 Ra3 26. Ra1 Rea8 27. Rxa3 Rxa3
28. e3 dxe3 29. Qxe3 c4 30. Bc3 Ra2+ 31. Kh3 Bc5 32. Rd1 Ra8 33. Qe2 Be7 34.
Qxh5 Bf6 35. Qxh6 1-0

[Event "II CIUDAD DE ALICANTE"]
[Site "Alicante (SPAIN)"]
[Date "2009.12.30"]
[Round "4.3"]
[White "Campos Gambuti, Luis Maria"]
[Black "Alderete Rodriguez, Rigoberto"]
[Result "1-0"]
[WhiteElo "2438"]
[BlackElo "2083"]
[PlyCount "103"]
[EventDate "2009.12.27"]

1. d4 Nf6 2. Nc3 g6 3. e4 d6 4. Bg5 c6 5. f4 Qa5 6. Qd2 Bg7 7. e5 dxe5 8. dxe5
Nd5 9. Nge2 h6 10. Bh4 g5 11. Nxd5 Qxd2+ 12. Kxd2 cxd5 13. Bg3 Nc6 14. Re1 Be6
15. c3 O-O-O 16. Nd4 Nxd4 17. cxd4 gxf4 18. Bxf4 Kb8 19. Bd3 h5 20. Rhf1 Rdg8
21. Rf2 h4 22. Rc1 Bh6 23. Bxh6 Rxh6 24. Be2 Rhg6 25. Bf3 Rc8 26. Rxc8+ Kxc8
27. Ke3 Rg5 28. Be2 Kd8 29. h3 Rg3+ 30. Bf3 b6 31. Kf4 f5 32. Rc2 Bc8 33. Bxd5
Rd3 34. e6 Rxd4+ 35. Ke5 Rd1 36. Rc4 Rd2 37. b4 Ba6 38. Rxh4 Bf1 39. Rd4 Re2+
40. Kxf5 Kc7 41. Bf3 Rxa2 42. Rd7+ Kc8 43. Bb7+ Kb8 44. Rxe7 Rf2+ 45. Kg4 Rb2
46. Bf3 Rxb4+ 47. Kf5 Bd3+ 48. Ke5 Ba6 49. Kd6 Rd4+ 50. Bd5 Rd1 51. Re8+ Bc8
52. e7 1-0

[Event "II CIUDAD DE ALICANTE"]
[Site "Alicante (SPAIN)"]
[Date "2009.12.30"]
[Round "4.4"]
[White "Bendayan Claros, Aaron"]
[Black "Suba, Mihai"]
[Result "1/2-1/2"]
[WhiteElo "2176"]
[BlackElo "2471"]
[PlyCount "95"]
[EventDate "2009.12.27"]

1. d4 Nf6 2. Bg5 c6 3. Nf3 Qb6 4. Qc1 Ne4 5. Bf4 d5 6. e3 Bf5 7. Be2 e6 8. O-O
Be7 9. c4 Nd7 10. c5 Qd8 11. Nc3 g5 12. Bg3 h5 13. Nxe4 dxe4 14. Nd2 h4 15. Bd6
Bxd6 16. cxd6 g4 17. Qc2 Nf6 18. Qc5 Nd7 19. Qc2 g3 20. Nxe4 gxh2+ 21. Kxh2 Qb8
22. Bf3 Bxe4 23. Qxe4 Qxd6+ 24. Qf4 Qxf4+ 25. exf4 O-O-O 26. Rfe1 Nf8 27. Rad1
Ng6 28. f5 exf5 29. d5 Kc7 30. dxc6 bxc6 31. Rc1 Rd6 32. Rc5 Rb8 33. Rxf5 Rxb2
34. Rxf7+ Kb6 35. a4 a5 36. Re8 Rb4 37. Rb8+ Kc5 38. Rf5+ Kd4 39. Re8 Rc4 40.
Rxa5 Kc3 41. Ra6 Rc5 42. Re3+ Kb4 43. Rb6+ Kxa4 44. Reb3 Ka5 45. Rb1 Rc1 46.
R1b2 Rc2 47. Rb1 Rc1 48. R1b2 1/2-1/2